| Поле | Инд. | ПП | Название | Значение |
|---|---|---|---|---|
| Тип записи | a | |||
| Библиографический уровень | m | |||
| 001 | Контрольный номер | 3499aec3890543b687a7baf6e41953ca | ||
| 005 | Дата корректировки | 20260429095423.7 | ||
| 020 | a | ISBN | 978-601-12-4129-8 | |
| c | Цена, тираж | 60-46 | ||
| 040 | b | Код языка каталог. | rus | |
| e | Правила каталог. | PSBO | ||
| 041 | 0_ | a | Код языка текста | rus |
| 080 | a | Индекс УДК | 004.8 | |
| 080 | a | Индекс УДК | 004.42 | |
| 084 | a | Индекс другой классификации/Индекс ББК | 32.813 | |
| 084 | a | Индекс другой классификации/Индекс ББК | 32.973 | |
| 090 | a | Полочн. индекс | 681.3 | |
| x | Авторский знак | Т23 | ||
| 097 | b | Оператор | 03 | |
| 100 | 1_ | a | Автор | Таулли Т. |
| 245 | 10 | a | Заглавие | Программирование с помощью искусственного интеллекта |
| b | Продолж. заглавия | улучшенное планирование, кодирование, тестирование и развёртывание | ||
| c | Ответственность | пер. с англ. | ||
| 260 | a | Место издания | Астана | |
| b | Издательство | АЛИСТ | ||
| c | Дата издания | 2025 | ||
| 300 | a | Объем | 237 с. | |
| b | Иллюстрации/ тип воспроизводства | ил. | ||
| 336 | a | Термин вида содержания | Текст | |
| 337 | a | Термин типа средства | непосредственный | |
| 510 | 0_ | a | Примечание о ссылках | Книги и методические пособия |
| 650 | 04 | a | Основная рубрика | 28.23 Искусственный интеллект |
| x | Основная подрубрика | 28.23.01 Общие вопросы искусственного интеллекта | ||
| 653 | 0_ | a | Ключевые слова | искусственный интеллект; модульное программирование; языковые модели; оперативное проектирование; Github Copilot; обработка информации; робототехника; информационная безопасность; машинное обучение; нейронные сети |
| 900 | a | Имя электронного ресурса | Таулли - Программирование с помощью искусственного интеллекта (001) | |
| 900 | a | Имя электронного ресурса | Таулли - Программирование с помощью искусственного интеллекта | |
| 901 | t | Тип документа | m |